Statistics for cartoon character quiz

Click here to take the quiz!

General Stats

  • This quiz has been taken 31 times
  • The average score is 18 of 50

Answer Stats

HintAnswer% Correct
mm donutshomer simpson
93%
disney mousemickey mouse
81%
tom and _____jerry
78%
a panda who knows kung fupo
74%
zoinks scoob!shaggy
67%
whats up dockbugs bunny
63%
batman villan voiced by mark hamil in the batman showjoker
63%
the bird is the wordpeter griffin
59%
eats spinach to get strongpopeye
59%
im gonna be a pokemon master!ash
56%
kiss my shiny metal ###bender
56%
charlie browns dogsnoopy
56%
cow and ______chicken
52%
ed,edd,____eddy
52%
get out of my labdexter
48%
power puff girls arch enemymojo jojo
48%
the avataraang
44%
pinky and the _____brain
44%
the name of the red ninja turtleraphael
44%
i am vengance i am the knight i ambatman
37%
beevus and _____buthead
37%
the male fairy in the fairly odd parentscosmo
37%
rich duck from ducktalesscrooge mc duck
37%
lilo and ____stich
37%
sad horse who has his own showbojak horseman
33%
screw you guys im going homeeric cartman
33%
a half gem hald humansteven universe
30%
its hero time!ben 10
26%
aw geez rickmorty smith
26%
autistic girl in bobs burgerstina
26%
a dorito shaped villan in gravity fallsbill cipher
22%
hey pretty mamajohnny bravo
22%
blue bird in reguler showmordecai
22%
oh no bro/you know who else______ my mom!muscle man
22%
someone should put you in a box floating down the river grandmaplankton
22%
kim possibles sidekickron
22%
good morning usa!stan smith
22%
leader of the super freindssuperman
22%
god dammit boby!hank
19%
making pancakes making baking pancakesjake the dog
19%
the cucumber from vegie taleslarry
19%
uh excuse me are you going to finsih that crosiontcarl wheezer
15%
i am ______ the frogkermit
15%
dr dofensmirtz arch nemisisperry the platapus
15%
hero in coast to coastspace ghost
15%
hyper active boy who had his own show named after himclarence
11%
winie the poos best freindpiglit
11%
stupid dog you made me look bad!Eustace bagge
4%
hello ____hello kitty
4%
hi my namespeppa pig
4%

Score Distribution

Percentile by Number Answered

Percent of People with Each Score

Your Score History

You have not taken this quiz